Państwa zawierające trzy litery A - Statystyki

Ogólne statystyki
  • Ten quiz został rozwiązany 48 razy
  • Średni wynik to 13 z 26
Statystyki odpowiedzi
Państwo % Poprawnych
Australia
85%
Kanada
73%
Wielka Brytania
71%
Kazachstan
68%
Afganistan
61%
Demokratyczna Republika Konga
59%
Nowa Zelandia
59%
Albania
56%
Arabia Saudyjska
56%
Panama
56%
Republika Środkowoafrykańska
54%
Madagaskar
51%
Papua-Nowa Gwinea
51%
Paragwaj
51%
Gwatemala
46%
Wyspy Marshalla
46%
Jamajka
44%
Mauretania
44%
Zjednoczone Emiraty Arabskie
44%
Tajlandia
41%
Tanzania
41%
Antigua i Barbuda
39%
Macedonia Północna
39%
Nikaragua
39%
Wyspy Świętego Tomasza i Książęca
39%
Szwajcaria
34%
Nie znaleziono quizów pasujących do podanych kryteriów
Rozkład punktacji
Procent ludzi z każdym wynikiem
Percentyl według liczby udzielonych odpowiedzi
Twoja historia wyników
Nie rozwiązałeś tego quizu